00626cam a22002172i 4500001001300000003000700013005001700020008004100037020003900078040001800117042000900135084002200144245008700166250001700253260004800270300001800318650001800336650001800354650001800372651001800390CIP114006766YEEZEN20260313104727.0250518s2025 ch e 000 0 chi d a9789869854771q(精裝) :cNT$3000 aCIPbchicCIP anbic a416.909332ncsclt10a臺灣口腔醫學史b= The history of oral medicine in Taiwan /c陳銘助編撰 a修訂一版 a臺北市 :b牙醫師全聯會, c2025.05. a面 ;c公分 72lcstta口腔 72lcstta牙科 72lcstta歷史 72lcstta臺灣